Todas as Bandeiras Europeias - Morte Súbita - Statistics

Estatísticas Gerais
  • Esse quiz foi jogado 364 vezes
  • A pontuação média é 27 de 45
Answers on the Grid
Answers color-coded by a green-red scale on the quiz's grid according to % correct below.
 
Estatísticas das Respostas
Resposta % Correto
Noruega
69%
Croácia
69%
Portugal
69%
Itália
68%
Grécia
67%
Finlândia
67%
Suiça
67%
Sérvia
66%
Islândia
65%
Suécia
65%
República Tcheca
64%
Bélgica
64%
Espanha
63%
França
62%
Bulgária
62%
Alemanha
62%
Reino Unido
61%
Eslováquia
61%
Vaticano
61%
Eslovênia
61%
Albânia
61%
Ucrânia
60%
Luxemburgo
60%
Países Baixos
60%
Bósnia e Herzegovina
60%
Rússia
59%
Kosovo
59%
Áustria
59%
Dinamarca
59%
Hungria
59%
Letônia
56%
Malta
55%
Irlanda
54%
Polônia
53%
San Marino
53%
Montenegro
53%
Moldávia
52%
Macedônia do Norte
52%
Estônia
52%
Andorra
51%
Lituânia
51%
Romênia
50%
Liechtenstein
49%
Mônaco
45%
Bielorrússia
45%
Nenhum quiz correspondente encontrado
Distribuição das Pontuações
Porcentagem de Pessoas com Cada Pontuação
Percentil de Números Respondidos
Sua Pontuação Histórica
Você não jogou esse quiz